Styrene-butadiene rubber filled with fluorinated carbon black (Record no. 69889)

MARC details
000 -LEADER
fixed length control field 00337nam a2200121Ia 4500
100 ## - MAIN ENTRY--AUTHOR NAME
Personal name Rodriquez J
245 #0 - TITLE STATEMENT
Title Styrene-butadiene rubber filled with fluorinated carbon black
260 ## - PUBLICATION, DISTRIBUTION, ETC. (IMPRINT)
Name of publisher Rubber Chemistry and Technology
Year of publication 1993
300 ## - PHYSICAL DESCRIPTION
Number of Pages 286-294
700 ## - ADDED ENTRY--PERSONAL NAME
Personal name Hamed G R
942 ## - ADDED ENTRY ELEMENTS (KOHA)
Koha item type Journals
Holdings
Withdrawn status Lost status Damaged status Not for loan Home library Current library Date acquired Serial Enumeration / chronology Koha item type
      Journals RRII Library RRII Library 17/12/2021 Volume 66, Issue 2 Journals